Sex and business
| Main Author: | |
|---|---|
| Published: |
London:
Pearson Ltd.,
2000.
|
| Subjects: |
| LEADER | 00537cam a2200181 7i4500 | ||
|---|---|---|---|
| 001 | 0000001409 | ||
| 005 | 20140701090000.0 | ||
| 020 | 0 | 0 | |a 0273641980 |
| 090 | 0 | 0 | |a HF 5386.5 |b H674 |
| 100 | 1 | 0 | |a Hite, Shere |
| 245 | 1 | 0 | |a Sex and business |c Shere Hite. |
| 260 | 0 | 0 | |a London: |b Pearson Ltd., |c 2000. |
| 300 | # | # | |a xvi,221p.; |c 23cm. |
| 590 | # | # | |a Pusat Pengajian Perniagaan dan Pengurusan Maritim |
| 650 | 0 | 0 | |a Sexual harrasment of women |
| 650 | 0 | 0 | |a Office politics |
| 650 | 0 | 0 | |a Business ethics |
| 999 | |a 1000404807 |b Book |c Open Shelf |e KOLEKSI TERBUKA | ||


